Departures /

Na minha lista:
Detalhes bibliográficos
Autor principal: Hisaishi, Joe (Composer)
Outros Autores: Nakazawa, Toshiaki (Producer), Watai, Toshihisa (Producer), Sugimoto, Tetta (Actor), Takita, Yôjirô (Director), Hamada, Takeshi (Photographer), Yo, Kimiko (Actor), Hirosue, Ryoko (Actor), Yoshiyuki, Kazuko (Actor), Motoki, Masahiro (Actor), Yamazaki, Tsutomu (Actor), Koyama, Kundô (Scenarist)
Formato: Slides
Idioma:Língua italiana
japonês
Publicado em: Italia : Cecchi Gori Home Video, 2010
Tags: Adicionar Tag
Sem tags, seja o primeiro a adicionar uma tag!

MARC

LEADER 00000ngm a22000007i 4500
001 IT\ICCU\MOD\1577147
003 ItRI
005 20260124182916.0
008 101123s2010 it |||||||||||||||k|||||c
024 3 1 |a 8033109397742 
028 4 2 |a PSV20380  |b Cecchi Gori Home Video 
040 |b ita 
041 7 |a ita  |a jpn  |2 ISO-639-2 
082 |a 791.43  |9 CINEMA  |2 19 
130 0 |a Okuribito <film ; 2008>  |3 IT\ICCU\MOD\1577151 
245 0 0 |a Departures /  |c regia: Yôjirô Takita ; sceneggiatura: Kundô Koyama ; fotografia: Takeshi Hamada ; musiche: Joe Hisaishi ; produttori: Toshiaki Nakazawa, Toshihisa Watai ; cast: Masahiro Motoki, Ryoko Hirosue, Tsutomi Yamazaki ... [et al.]. 
260 |a Italia :  |b Cecchi Gori Home Video,  |c 2010 
300 |a 1 DVD video (126 min.) ;  |c in contenitore, 19 cm 
500 |a Produzione cinematografica: Giappone, 2008 
500 |a Caratteristiche tecniche: regione 2; PAL; 1,85:1, 16:9; Dolby digital 2.0, 5.1 
500 |a Tit. del contenitore 
500 |a Lingue: italiano, giapponese; sottotitoli: italiano, italiano per non udenti 
500 |a Contenuti extra: trailer italiano, making of, il rito del nokanshi 
500 |a Etichetta: Cecchi Gori Home Video 
700 1 |a Nakazawa, Toshiaki  |0 IT\ICCU\DDSV\350802  |4 pro 
700 1 |a Watai, Toshihisa  |0 IT\ICCU\DDSV\350804  |4 pro 
700 1 |a Sugimoto, Tetta  |0 IT\ICCU\DDSV\350805  |4 act 
700 1 |a Takita, Yôjirô  |0 IT\ICCU\LO1V\373233  |4 drt 
700 1 |a Hamada, Takeshi  |0 IT\ICCU\LO1V\375779  |4 pht 
700 1 |a Yo, Kimiko  |0 IT\ICCU\LO1V\375780  |4 act 
700 1 |a Hirosue, Ryoko  |0 IT\ICCU\MODV\265515  |4 act 
700 1 |a Yoshiyuki, Kazuko  |0 IT\ICCU\MODV\308225  |4 act 
700 1 |a Motoki, Masahiro  |0 IT\ICCU\MODV\644034  |4 act 
700 1 |a Yamazaki, Tsutomu  |0 IT\ICCU\RAVV\089128  |4 act 
700 1 |a Koyama, Kundô  |0 IT\ICCU\RCAV\258985  |4 sce 
700 1 |a Hisaishi, Joe  |0 IT\ICCU\RMSV\102739  |4 cmp 
710 2 |a CG Entertainment  |0 IT\ICCU\DDSV\039619  |4 pbl 
791 2 |a Cecchi Gori Entertainment  |3 IT\ICCU\DDSV\353142  |z CG Entertainment 
791 2 |a CG Home Video  |3 IT\ICCU\MODV\664430  |z CG Entertainment 
791 2 |a Cecchi Gori Home Video  |3 IT\ICCU\MODV\664431  |z CG Entertainment 
791 2 |a Cecchi Gori Home Group  |3 IT\ICCU\MODV\664432  |z CG Entertainment 
791 2 |a Cecchi Gori Editoria Elettronica Home video  |3 IT\ICCU\MODV\664433  |z CG Entertainment 
942 |2 ddc  |c VM  |n 0 
952 |0 0  |1 0  |4 0  |6 VO_1842_000000000000000  |7 0  |9 27909  |a BO  |b BO  |d 2026-01-24  |i 14630  |l 0  |o VO 1842  |p BO14630  |r 2026-01-24 18:29:16  |w 2026-01-24  |x [Sebina 5] [1 dvd]  |y VM  |z 1 dvd 
999 |c 23661  |d 23661